000 00551nam a2200181Ia 4500
005 20250508163254.0
008 008 250505s9999 xx 000 0 eng d
037 _aTextual
040 _aFEDL
_beng
_cFEDL
041 _aeng
_2eng
084 _a370, UNE
_qFEDL
100 _aHummel Charles
_990291
245 0 _aEducation today for the world of tomorrow
260 _aParis, France
_bUnited Nations Educational, Secientific Cultural and Organization
_c1977
300 _a199p.
942 _cTEXL
_h370, UNE
999 _c1381937
_d1381937